Кратко практическо помагало за винарски туризъм (Запис номер 178997)
[ съкратено ]
| 000 -Лидер | |
|---|---|
| Контролно поле с фиксирана дължина | 01882nam a2200385 c 4500 |
| 003 - Код на организацията, давaща контролен номер | |
| Контролно поле | BLK |
| 005 - Дата и час на последна редакция | |
| Контролно поле | 20180420235905.0 |
| 008 - Елементи от данни с фиксирана дължина | |
| fixed length control field | 180411b bul|||||r ||||||| ||bul|| |
| 010 ## - Наследен системен номер | |
| LC control number | KNG00187760000 |
| 040 ## - Източник на каталожния запис | |
| Идентификатор на билиотеката - собственик на записа | BLK |
| 041 ## - Код за език | |
| Код за езика на текст/звукозапис или на отделно заглавие | Български |
| Код за езика КДБФ | Български |
| 072 #7 - Код за тематичната категория | |
| Код организация | bullib |
| Код за тематична категория | Н33 |
| Текст | Икономика Н |
| 080 ## - УДК | |
| Текстов определител УДК | Характеристика според мотивите, задачите и целите на туризма(със знака за отношение :) |
| УДК код - определител по УДК | 338.48-6 |
| УДК определител | :663.2(035) |
| УДК - код + определител | 338.48-6:663.2(035) |
| 080 ## - УДК | |
| Текстов определител УДК | Характеристика според мотивите, задачите и целите на туризма(със знака за отношение :) |
| УДК код - определител по УДК | 338.48-6 |
| УДК определител | :634.8(035) |
| УДК - код + определител | 338.48-6:634.8(035) |
| 100 1# - Редна дума - Автор | |
| Автор | Лабейри, Ги |
| Авторска отговорност | първи автор |
| R(LIN) | 86918 |
| 139 ## - Редно поле | |
| Редна дума | Лабейри, Ги |
| Авторски знак | Ла - Л 12 |
| 245 10 - Сведения за заглавието | |
| Заглавие | Кратко практическо помагало за винарски туризъм |
| Подзаглавни данни | Как се прави това в малките изби : Опитът на един френски винар |
| Редно поле (дума) | Ги Лабейри. |
| 257 ## - Страна на издаване | |
| Страна на създаване/издаване | Франция |
| 260 ## - Област на издателските данни | |
| -- | София |
| Година на издаване | 2010 |
| Печатница | София : Мойра-3 |
| 300 ## - Физическа характеристика | |
| Страници | 32 с. |
| Илюстрации и др. | с цв. ил. |
| Размери/Мащаб | 24 см |
| 380 ## - Жанр | |
| Жанр | Селско стопанство |
| 500 ## - Общи забележки | |
| Забележка | Кор. загл. Винарски туризъм ; Без сведение за ориг. загл. - Съдържа и за авт. |
| 650 #4 - Допълнително описание по предмет – тема | |
| Основно описание – тема или топоним | Туризъм, винен |
| 9 (RLIN) | 341610 |
| 650 #4 - Допълнително описание по предмет – тема | |
| Основно описание – тема или топоним | Вино - дегустация |
| 9 (RLIN) | 296028 |
| 650 #4 - Допълнително описание по предмет – тема | |
| Основно описание – тема или топоним | Туризъм, алтернативен |
| 9 (RLIN) | 292531 |
| 653 ## - Ключова дума – ненормативна | |
| Ключова дума | винен туризъм |
| 653 ## - Ключова дума – ненормативна | |
| Ключова дума | алтернативен туризъм |
| 653 ## - Ключова дума – ненормативна | |
| Ключова дума | ръководства |
| 659 ## - Тематичен бюлетин | |
| Тематичен бюлетин | Н |
| 852 ## - Местоположение | |
| Форматна сигнатура | Цб 280466 |
| 856 4# - Електронен адрес и достъп | |
| Електронен формат | pdf - файл |
| Път до файла /url/ | |
| 856 4# - Електронен адрес и достъп | |
| Електронен формат | pdf - файл |
| Път до файла /url/ | |
| 942 ## - АРТИКУЛИ | |
| Вид на библиотечния материал | Книги |
| Скрит в OPAC | Не |
| 944 ## - СЪЗДАВАНЕ И РЕДАКЦИЯ на ЗАПИСА | |
| Създаване/Редакция | Създаване |
| Дата на регистрацията/редакция | 13.05.2016 |
| Статус, дата на статуса | ф / |
| Служител, извършил регистрацията/редакцията | Виолета_Тройчева |
| 944 ## - СЪЗДАВАНЕ И РЕДАКЦИЯ на ЗАПИСА | |
| Създаване/Редакция | Редакция |
| Дата на регистрацията/редакция | 26.07.2016 |
| Статус, дата на статуса | ф / |
| Служител, извършил регистрацията/редакцията | Людмила_Стоянова |
| 999 ## - СИСТЕМНИ КОНТРОЛНИ НОМЕРА | |
| Koha biblionumber | 178997 |
| Koha biblioitemnumber | 178997 |
| Код за отписване | Код за изгубен артикул | Код за повреда | Коз за рестрикции | Код за отдаване | Артикулен № | Име на библиотеката - собственик | Име на библиотеката, в която се намира в момента | Статус (Текущо местоположение) | Дата на вписване в системата | Местоположение - отдел | Цена в лева | Инвентарен номер | Систематично азбучна сигнатура | Баркод | Номер на екземпляра | Цена в евро | Служебна бележка | Служебен тип на артикула |
|---|---|---|---|---|---|---|---|---|---|---|---|---|---|---|---|---|---|---|
| Не е изгубен | Не е повреден | без рестрикции | ползва се в читалня | 307175 | Регионална библиотека "Любен Каравелов" Русе | Регионална библиотека "Любен Каравелов" Русе | Хранилище | 2016-05-15 | Основен фонд - ползва се само за читалня | 12.00 | 120000800071 | Цб 280466 | 120000800071 | 1 | 6.14 | Дост: DA Вид: А N: 20 Дата: 15.05.2016 | Книги | |
| Не е изгубен | Не е повреден | без рестрикции | заемане за дома | 307176 | Регионална библиотека "Любен Каравелов" Русе | Регионална библиотека "Любен Каравелов" Русе | Заемна - подръчен фонд | 2016-05-15 | Заемна - подръчен фонд | 12.00 | 120000800072 | П 338.4/Л 12 | 120000800072 | 2 | 6.14 | Дост: DA Вид: А N: 20 Дата: 15.05.2016 Дата инв: 05.02.2018 Бележки инв: П2018 | Книги | |
| Не е изгубен | Не е повреден | без рестрикции | заемане за дома | 307177 | Регионална библиотека "Любен Каравелов" Русе | Регионална библиотека "Любен Каравелов" Русе | Заемна - подръчен фонд | 2016-05-15 | Заемна - подръчен фонд | 12.00 | 120000800073 | П 338.4/Л 12 | 120000800073 | 3 | 6.14 | Дост: DA Вид: А N: 20 Дата: 15.05.2016 Дата инв: 05.02.2018 Бележки инв: П2018 | Книги |